New Lease Accounting Standard

Zmeny v účtovaní lízingu podľa nových štandardov IFRS a US GAAP.

Saved in:
Bibliographic Details
Main Author: Meluchová, Jitka, 1965-
Other Authors: Mateášová, Martina, 1979-
Format: Book Chapter
Language:English
Subjects:
Tags: Add Tag
No Tags, Be the first to tag this record!

MARC

LEADER 00000naa a2200000 4500
001 0240133
005 20240502073909.5
041 0 |a eng 
044 |a SK 
245 1 0 |a New Lease Accounting Standard  |c Jitka Meluchová, Martina Mateášová 
520 |a Zmeny v účtovaní lízingu podľa nových štandardov IFRS a US GAAP. 
610 2 0 |a štandardy účtovné medzinárodné 
610 2 0 |a lízing 
610 2 0 |a štandardy účtovné americké 
100 1 |a Meluchová, Jitka, 1965- 
700 1 |a Mateášová, Martina, 1979-